Statistics for Wartime Presidents of the United States

Click here to take the quiz!

General Stats

  • This quiz has been taken 479 times
  • The average score is 9 of 11

Answer Stats

War Answer % Correct
World War IIFranklin Roosevelt/Harry Truman
97%
Civil WarAbraham Lincoln
96%
Vietnam WarLyndon Johnson/Richard Nixon
94%
Wars in Iraq and AfghanistanGeorge W. Bush/Barack Obama
94%
Korean WarHarry Truman/Dwight Eisenhower
91%
First Gulf WarGeorge H. W. Bush
91%
World War IWoodrow Wilson
89%
War of 1812James Madison
75%
Philippine-American WarWilliam Mckinley/Theodore Roosevelt
60%
Mexican-American WarJames Polk
59%
Spanish-American WarWilliam McKinley
57%

Score Distribution

Percentile by Number Answered

Percent of People with Each Score

Your Score History

You have not taken this quiz